000 00632nam a22002052 4500
001 0000012130
005 20151217155850.0
008 090208s xx 000 0 eng d
020 _a996647191x :
040 _aKABU
_cKABU
245 1 0 _aPraise poems of the Kuria :
_bin Kuria with English translations /
_ccompiled and edited by Suzette Heald.
250 _a1st ed.
260 _aNairobi :
_bPhoenix,
_c1997.
300 _a95 p.
650 0 _aKuria poetry.
_@0000168330
700 1 _aHeald, Suzette.
_@0000168331
852 1 _9p140 KES
908 _a090208
950 _@1
999 _c13457
_d13457